Geography Quiz

Random Geography or City Quiz

Cities on lakes Quiz Stats

Quiz not verified by Sporcle

Also try: Largest Countries
Challenge
Share
Tweet
Embed
Score 0/22 Timer 10:00
0 Plays Today
City Lake % Correct
ChicagoLake Michigan
93.2%
Salt Lake CityGreat Salt Lake
88.6%
GenevaLake Geneva
88.6%
ClevelandLake Erie
84.1%
TorontoLake Ontario
84.1%
Sault Ste MarieLake Superior
72.7%
IrkutskOzero Baykal
72.7%
KampalaLake Victoria
72.7%
Granada, NicaraguaLago de Nicaragua
70.5%
YellowknifeGreat Slave Lake
65.9%
BakuCaspian Sea
65.9%
City Lake % Correct
Burlington,VTLake Champlain
63.6%
New OrleansLake Pontchartrain
47.7%
AswanLake Nasser
47.7%
BujumburaLake Tanganyika
45.5%
DetroitLake Saint Clair
40.9%
ManaguaLago de Managua
29.5%
LausanneLac Leman
29.5%
PunoLago Titicaca
22.7%
OruroLago Poopo
6.8%
Porto AlegreLagoa dos Patos
4.5%
StockholmLake Malaren
4.5%

You're not logged in!

Compare scores with friends on all Sporcle quizzes.
Join for Free
OR
Log In

You Might Also Like...

Show Comments

Extras

Created Jan 18, 2015ReportNominate
Tags:City Quiz, lake

Top Quizzes Today


Score Distribution

Your Account Isn't Verified!

In order to create a playlist on Sporcle, you need to verify the email address you used during registration. Go to your Sporcle Settings to finish the process.

Report this User

Report this user for behavior that violates our Community Guidelines.

Details: